Fortress Besieged / (Record no. 3706)
[ view plain ]
| 000 -LEADER | |
|---|---|
| fixed length control field | 00583nam a22002057a 4500 |
| 003 - CONTROL NUMBER IDENTIFIER | |
| control field | OSt |
| 005 - DATE AND TIME OF LATEST TRANSACTION | |
| control field | 20240926135130.0 |
| 008 - FIXED-LENGTH DATA ELEMENTS--GENERAL INFORMATION | |
| fixed length control field | 240926b ||||| |||| 00| 0 eng d |
| 020 ## - INTERNATIONAL STANDARD BOOK NUMBER | |
| International Standard Book Number | 9787020172214 |
| 040 ## - CATALOGING SOURCE | |
| Transcribing agency | KH8 |
| 082 ## - DEWEY DECIMAL CLASSIFICATION NUMBER | |
| Classification number | 400 ZHU |
| 100 ## - MAIN ENTRY--PERSONAL NAME | |
| Personal name | Zhu, Qian Zhongshu, |
| Relator term | author. |
| 245 ## - TITLE STATEMENT | |
| Title | Fortress Besieged / |
| Statement of responsibility, etc. | Qian Zhongshu Zhu and Zhongshu Qian. |
| 260 ## - PUBLICATION, DISTRIBUTION, ETC. | |
| Place of publication, distribution, etc. | Beijing; |
| Name of publisher, distributor, etc. | People's Literature Publishing House, |
| Date of publication, distribution, etc. | 2022. |
| 300 ## - PHYSICAL DESCRIPTION | |
| Extent | 362 pages ; |
| Dimensions | 24 cm. |
| 650 ## - SUBJECT ADDED ENTRY--TOPICAL TERM | |
| Topical term or geographic name entry element | Humorous fiction |
| 650 ## - SUBJECT ADDED ENTRY--TOPICAL TERM | |
| Topical term or geographic name entry element | Scholars Fiction |
| 700 ## - ADDED ENTRY--PERSONAL NAME | |
| Personal name | Qian, Zhongshu, |
| Relator term | author. |
| 942 ## - ADDED ENTRY ELEMENTS (KOHA) | |
| Source of classification or shelving scheme | |
| Koha item type | Teaching Resources |
| Withdrawn status | Lost status | Source of classification or shelving scheme | Damaged status | Not for loan | Collection code | Permanent Location | Current Location | Shelving location | Date acquired | Total Checkouts | Full call number | Barcode | Date last seen | Date last checked out | Copy number | Price effective from | Koha item type | Date due |
|---|---|---|---|---|---|---|---|---|---|---|---|---|---|---|---|---|---|---|
| Teaching Resources | KH8 Senior School Library | KH8 Senior School Library | Staff Office | 2024-09-26 | 1 | 400 ZHU | TRKHSL005732 | 2025-05-28 | 2024-09-27 | 1 | 2024-09-26 | Teaching Resources | ||||||
| Teaching Resources | KH8 Senior School Library | KH8 Senior School Library | Staff Office | 2024-09-26 | 1 | 400 ZHU | TRKHSL005733 | 2025-05-08 | 2024-09-27 | 2 | 2024-09-26 | Teaching Resources | ||||||
| Teaching Resources | KH8 Senior School Library | KH8 Senior School Library | Staff Office | 2024-09-26 | 1 | 400 ZHU | TRKHSL005734 | 2025-05-29 | 2024-09-27 | 3 | 2024-09-26 | Teaching Resources | ||||||
| Teaching Resources | KH8 Senior School Library | KH8 Senior School Library | Staff Office | 2024-09-26 | 400 ZHU | TRKHSL005735 | 2024-09-26 | 4 | 2024-09-26 | Teaching Resources | ||||||||
| Teaching Resources | KH8 Senior School Library | KH8 Senior School Library | Staff Office | 2024-09-26 | 400 ZHU | TRKHSL005736 | 2024-09-26 | 5 | 2024-09-26 | Teaching Resources | ||||||||
| Teaching Resources | KH8 Senior School Library | KH8 Senior School Library | Staff Office | 2024-09-26 | 400 ZHU | TRKHSL005737 | 2024-09-26 | 6 | 2024-09-26 | Teaching Resources | ||||||||
| Teaching Resources | KH8 Senior School Library | KH8 Senior School Library | Staff Office | 2024-09-26 | 2 | 400 ZHU | TRKHSL005738 | 2025-10-29 | 2025-10-29 | 7 | 2024-09-26 | Teaching Resources | 2026-07-03 | |||||
| Teaching Resources | KH8 Senior School Library | KH8 Senior School Library | Staff Office | 2024-09-26 | 2 | 400 ZHU | TRKHSL005739 | 2026-01-13 | 2026-01-13 | 8 | 2024-09-26 | Teaching Resources |